Electronic tubes (Record no. 1529)

MARC details
000 -LEADER
fixed length control field 00455nam a2200157Ia 4500
003 - CONTROL NUMBER IDENTIFIER
control field IN-BaIIA
005 - DATE AND TIME OF LATEST TRANSACTION
control field 20250702171711.0
008 - FIXED-LENGTH DATA ELEMENTS--GENERAL INFORMATION
fixed length control field 211028s9999 xx 000 0 eng d
040 ## - CATALOGING SOURCE
Transcribing agency IIA Library
080 ## - UNIVERSAL DECIMAL CLASSIFICATION NUMBER
Universal Decimal Classification number 621.38
Item number ELE-2
110 ## - MAIN ENTRY--CORPORATE NAME
Corporate name or jurisdiction name as entry element General Electric
9 (RLIN) 2653
245 #0 - TITLE STATEMENT
Title Electronic tubes
Statement of responsibility, etc. General Electric Co.,
260 ## - PUBLICATION, DISTRIBUTION, ETC.
Place of publication, distribution, etc. New York
Name of publisher, distributor, etc. Schenectady
Date of publication, distribution, etc. 1956
650 ## - SUBJECT ADDED ENTRY--TOPICAL TERM
Topical term or geographic name entry element Electronic tubes
9 (RLIN) 3087
942 ## - ADDED ENTRY ELEMENTS (KOHA)
Koha item type Books
Source of classification or shelving scheme Dewey Decimal Classification
Holdings
Withdrawn status Lost status Source of classification or shelving scheme Damaged status Not for loan Home library Current library Shelving location Date acquired Total Checkouts Full call number Barcode Date last seen Price effective from Koha item type Purchase Price
    Dewey Decimal Classification     IIA Library-Bangalore IIA Library-Kodaikanal General Stacks     621.38/ ELE-2 1647 05/11/2021   Books  

Powered by Koha